| 000 | 00605nam a2200193 a 4500 | ||
|---|---|---|---|
| 001 | 000011224 | ||
| 005 | 20240412074224.0 | ||
| 008 | 091015s1987 dr 000 p spa d | ||
| 040 |
_aDO-SdBNP _bspa _cBNPHU |
||
| 082 |
_aRD861.44 _bR696l |
||
| 100 | 1 |
_aRodríguez Muñoz, Ana K., _d1967- _926786 |
|
| 245 | 1 | 0 |
_aLazos de vida / _cAna K. Rodríguez Muñoz. |
| 260 |
_aSanto Domingo : _bÁngel, _c1987. |
||
| 300 |
_a48 p. : ; _c21 cm. |
||
| 500 | _aIncluye datos biográficos de la autora en la contraportada | ||
| 650 | 0 |
_aLiteratura dominicana. _967 |
|
| 650 | 0 |
_aPoesía dominicana _966 |
|
| 049 | _aBNPD | ||
| 999 |
_c10943 _d10943 |
||